Los desastres naturales. un enfoque psicosocial /
Este artículo expone el enfoque psicosocial de los desastres de origen natural; tanto como marco para entender el fenómeno y el impacto que produce en la vida de las personas y los colectivos, como para la intervención más adecuada para atender las distintas fases del desastres.
Αποθηκεύτηκε σε:
| Κύριος συγγραφέας: | |
|---|---|
| Μορφή: | Κείμενο |
| Θέματα: | |
| Ετικέτες: |
Προσθήκη ετικέτας
Δεν υπάρχουν, Καταχωρήστε ετικέτα πρώτοι!
|
MARC
| LEADER | 00000 a a2200000 04500 | ||
|---|---|---|---|
| 001 | 40705 | ||
| 003 | |||
| 040 | |||
| 100 | |a Gaborit, Mauricio | ||
| 245 | |a Los desastres naturales. |b un enfoque psicosocial / |c Mauricio Gaborit | ||
| 500 | |a mgaborit@buho.uca.edu.sv | ||
| 520 | |a Este artículo expone el enfoque psicosocial de los desastres de origen natural; tanto como marco para entender el fenómeno y el impacto que produce en la vida de las personas y los colectivos, como para la intervención más adecuada para atender las distintas fases del desastres. | ||
| 590 | |a SJB/JUNIO2012 | ||
| 650 | |a 1.RESILIENCIA | ||
| 650 | |a 2.DESASTRES NATURALES | ||
| 650 | |a 3.DESARROLLO HUMANO | ||
| 650 | |a 4.SALUD PUBLICA | ||
| 650 | |a 5.EL SALVADOR | ||
| 773 | |g volumen64, número720 ( , 2009), páginas 255-278 | ||
| 999 | |c 34580 |d 34580 | ||
